Giáo dục âm nhạc Sách dùng cho đào tạo cử nhân giáo dục mầm non Tập 1 Nhạc lý cơ bản - xướng âm

সংরক্ষণ করুন:
গ্রন্থ-পঞ্জীর বিবরন
প্রধান লেখক: Phạm Thị Hòa
অন্যান্য লেখক: Ngô Thị Nam
বিন্যাস: গ্রন্থ
ভাষা:Vietnamese
প্রকাশিত: H. Đại học Sư phạm 2015
সংস্করন:In lần thứ 18
বিষয়গুলি:
ট্যাগগুলো: ট্যাগ যুক্ত করুন
কোনো ট্যাগ নেই, প্রথমজন হিসাবে ট্যাগ করুন!
Thư viện lưu trữ: Mạng thư viện Đại học Đà Nẵng
LEADER 01312nam a2200349 4500
001 000024272
003 20758
005 20161109141112.0
008 161104s2015 viesd
020 |c 28000đ 
041 0 |a vie 
082 1 4 |a 780.7  |b PH-H 
100 1 |a Phạm Thị Hòa 
245 1 0 |a Giáo dục âm nhạc  |b Sách dùng cho đào tạo cử nhân giáo dục mầm non  |c Phạm Thị Hòa, Ngô Thị Nam  |n Tập 1  |p Nhạc lý cơ bản - xướng âm 
250 |a In lần thứ 18 
260 |a H.  |b Đại học Sư phạm  |c 2015 
300 |a 170 tr.  |b bảng  |c 21 cm. 
650 0 4 |a Âm nhạc  |v Giáo trình  |x Giáo dục mầm non 
653 |a Mẫu giáo 
653 |a Phương pháp giảng dạy 
700 1 |a Ngô Thị Nam 
773 |b In lần thứ 18  |d Đại học Sư phạm  |d H.  |d 2015  |t Giáo dục âm nhạc  |w 19636 
OWN |a LSP 
AVA |a UDN50  |b LSP  |d 780.7 PH-H  |e available  |t Error 5001 Not defined in file expand_doc_bib_avail.  |f 5  |g 0  |h N  |i 0  |k 1 
999 |a From the UDN01 
AVA |a UDN50  |b LSP  |d 780.7 PH-H  |e available  |t Error 5001 Not defined in file expand_doc_bib_avail.  |f 5  |g 0  |h N  |i 0  |k 1 
TYP |a Monograph 
TYP |a Printed language 
980 |a Mạng thư viện Đại học Đà Nẵng